Đảm bảo an toàn thông tin trong thư viện điện tử /

Sparad:
Bibliografiska uppgifter
Huvudupphovsman: Nguyễn Văn Hiệp.
Materialtyp: Artikel
Språk:Vietnamese
Ämnen:
Taggar: Lägg till en tagg
Inga taggar, Lägg till första taggen!
Thư viện lưu trữ: Thư viện Trường Đại học Đà Lạt
LEADER 00730nam a2200241 4500
001 DLU180182878
005 ##20180108
040 # # |a DLU  |b vie 
041 # # |a vie 
044 # # |a vn 
100 # # |a Nguyễn Văn Hiệp. 
245 # # |a Đảm bảo an toàn thông tin trong thư viện điện tử /  |c Nguyễn Văn Hiệp. 
653 # # |a An toàn thông tin  
653 # # |a Thư viện điện tử 
773 # # |t Thông tin và tư liệu  |g Số 5, 2015, tr. 27-34 
920 # # |a Phòng Tạp chí -- Trung tâm Thông tin - Thư viện Trường Đại học Đà Lạt 
900 # # |a True 
911 # # |a Nguyễn Thị Thu Phương 
925 # # |a G 
926 # # |a A 
927 # # |a BB 
980 # # |a Thư viện Trường Đại học Đà Lạt